Movies Quiz

Random Movies or Oscar Quiz

Oscar Record Holders Quiz Stats

Quiz not verified by Sporcle

Challenge
Share
Tweet
Embed
Score 0/19 Timer 10:00
0 Plays Today
Question Answer % Correct
Actress with the most total acting nominations Meryl Streep
96.2%
Actress with the most wins for a leading actress Katharine Hepburn
88%
First African American to win a lead actor OscarSidney Poitier
86.5%
First African American to win a lead actress OscarHalle Berry
85%
Actor with the most total acting nominations Jack Nicholson
83.5%
First woman to win a best director OscarKathryn Bigelow
80.5%
Only X rated movie to win a best picture OscarMidnight Cowboy
74.4%
Youngest actress to win a supporting actress OscarTatum O'Neal
71.4%
Actor with the most wins for a leading actorDaniel Day-Lewis
70.7%
First African American to win an OscarHattie McDaniel
70.7%
Question Answer % Correct
Oldest actress to win an acting OscarJessica Tandy
68.4%
Oldest Actor to win an acting OscarChristopher Plummer
59.4%
Youngest actress to be nominated for a lead actress OscarQuvenzhane Wallis
47.4%
Actor who won a leading actor Oscar for the shortest performance Anthony Hopkins
45.9%
Oldest actress to be nominated for a lead actress OscarEmmanuelle Riva
39.1%
Actress to win a supporting actress Oscar for the shortest performanceBeatrice Straight
38.3%
Youngest actor to be nominated for a supporting actor OscarJustin Henry
37.6%
Youngest actress to win two lead actress OscarsLuise Rainer
36.8%
Actor with the longest gap between Oscar nominationsBruce Dern
11.3%

You're not logged in!

Compare scores with friends on all Sporcle quizzes.
Sign Up with Email
OR
Log In

You Might Also Like...

Show Comments

Extras

Top Quizzes Today


Score Distribution

Your Account Isn't Verified!

In order to create a playlist on Sporcle, you need to verify the email address you used during registration. Go to your Sporcle Settings to finish the process.

Report this User

Report this user for behavior that violates our Community Guidelines.

Details: